Antecedentes históricos de los mataderos de Barcelona y la inspección de las carnes : (1300-2000) / por el Dr. A. Concellón Martínez (1300-2000) / por el Dr. A. Concellón Martínez
Descripción Física:
[10] f. ; 30 cm
Materias:
Escorxadors -- Barcelona -- Història
MARC
| LEADER | 00000nam a2200000Ia 4500 | ||
|---|---|---|---|
| 001 | 12638 | ||
| 008 | 160829s2000 xx 000 0 cat d | ||
| 080 | |a FU-29-11 | ||
| 100 | |a Concellón Martínez, Antonio |9 30667 | ||
| 245 | |a Antecedentes históricos de los mataderos de Barcelona y la inspección de las carnes : |b (1300-2000) / por el Dr. A. Concellón Martínez | ||
| 260 | |a [Barcelona] : |b [A. Concellón Martínez], |c 2000 | ||
| 300 | |a [10] f. ; |c 30 cm | ||
| 590 | |a Discurs d'ingrés de l'autor a la Reial Acadèmia de Medicina de Catalunya el dia 22 de febrer del 2000. | ||
| 590 | |a Amb autògraf de l'autor dedicat a Assumpta Rodon | ||
| 650 | |a Escorxadors |x Barcelona |x Història |9 30668 | ||
| 901 | |a Arxiu | ||
| 942 | |n 1 | ||
| 952 | |0 0 |1 0 |4 0 |6 FU2911 |7 1 |9 45478 |a Arxiu |b Arxiu |d 2016-12-01 |l 0 |o FU-29-11 |p 12638 |r 2016-12-01 00:00:00 |w 2016-12-01 |y ARXIU | ||
| 999 | |c 48643 |d 48643 | ||